000
00316pam a2200133 a 4500
020
_c
041
_h
082
_a
658.3
_b
LUN
100
_a
LUNOY J.L.,
245
_a
EFFECTIVE INDUSTRIAL MANAGEMENT
_h
Textual Documents
260
_a
NEW DELHI
_b
EURASIA PUBLISHING HOUSE
_c
1957
300
_a
XVI+588
930
_a
7563
999
_c
127026
_d
127026